Educación e desenrolo (Record no. 39226)
[ view plain ]
| 000 -LEADER | |
|---|---|
| campo de control de longitud fija | 00742nam a2200241 i 4500 |
| 001 - NÚMERO DE CONTROL | |
| campo de control | 39226 |
| 003 - IDENTIFICADOR DE NÚMERO DE CONTROL | |
| campo de control | ES-MaACL |
| 005 - FECHA Y HORA DE LA ÚLTIMA TRANSACCIÓN | |
| campo de control | 20240305180203.0 |
| 007 - CAMPO FIJO DE DESCRIPCIÓN FÍSICA--INFORMACIÓN GENERAL | |
| campo de control de longitud fija | t| |
| 008 - DATOS DE LONGITUD FIJA--INFORMACIÓN GENERAL | |
| campo de control de longitud fija | 030227s1969 sp |||| | gao d |
| 080 ## - NÚMERO DE LA CLASIFICACIÓN DECIMAL UNIVERSAL | |
| Número de la Clasificación Decimal Universal | 37(460.11) |
| 080 ## - NÚMERO DE LA CLASIFICACIÓN DECIMAL UNIVERSAL | |
| Número de la Clasificación Decimal Universal | 37(460) |
| 100 1# - ENTRADA PRINCIPAL--NOMBRE DE PERSONA | |
| Nombre de persona | Cambre Mariño, Jesús. |
| 9 (RLIN) | 34043 |
| 245 10 - MENCIÓN DEL TÍTULO | |
| Título | Educación e desenrolo |
| Resto del título | : estructura e problemas do ensino en Galicia i en España / |
| Mención de responsabilidad, etc. | Xesús Cambre Mariño. |
| 260 ## - PUBLICACIÓN, DISTRIBUCIÓN, ETC. | |
| Lugar de publicación, distribución, etc. | Vigo : |
| Nombre del editor, distribuidor, etc. | Galaxia, |
| Fecha de publicación, distribución, etc. | 1969. |
| 300 ## - DESCRIPCIÓN FÍSICA | |
| Extensión | 140 p. ; |
| Dimensiones | 20 cm. |
| 490 1# - MENCIÓN DE SERIE | |
| Mención de serie | Enquisa ; |
| Designación de volumen o secuencia | 2 |
| 650 #7 - PUNTO DE ACCESO ADICIONAL DE MATERIA--TÉRMINO DE MATERIA | |
| Término de materia o nombre geográfico como elemento de entrada | Enseñanza- |
| Subdivisión geográfica | Galicia |
| Fuente del encabezamiento o término | |
| 9 (RLIN) | 164644 |
| 650 ## - PUNTO DE ACCESO ADICIONAL DE MATERIA--TÉRMINO DE MATERIA | |
| Término de materia o nombre geográfico como elemento de entrada | Enseñanza- |
| Subdivisión geográfica | España- |
| Subdivisión general | Planes económicos. |
| 9 (RLIN) | 164645 |
| 830 1# - PUNTO DE ACCESO ADICIONAL DE SERIE-TÍTULO UNIFORME | |
| Título uniforme | Enquisa ; |
| Designación de volumen o secuencia | 2 |
| 9 (RLIN) | 229697 |
| 852 4# - LOCALIZACIÓN | |
| Ubicación | ES-MaACL |
| Número de control de estantería | C-35889 |
| Estatus retirado | Estado de pérdida | Estado de daño | No para préstamo | Biblioteca de origen | Biblioteca actual | Ubicación en estantería | Fecha de adquisición | Fuente de adquisición | Total de préstamos | Signatura topográfica completa | Código de barras | Visto por última vez | Precio de reemplazo | Tipo de ítem Koha |
|---|---|---|---|---|---|---|---|---|---|---|---|---|---|---|
| Biblioteca del Ateneo de Madrid | Biblioteca del Ateneo de Madrid | Depósito 2 | 17/01/2008 | C-35889 | 1041306 | 23/02/2023 | 23/02/2023 | Libro impreso |
